Samajik Lingo Aru Jaunata ( Gender and Sexuality) (Record no. 16338)

MARC details
000 -LEADER
fixed length control field 00523nam a22001937a 4500
008 - FIXED-LENGTH DATA ELEMENTS--GENERAL INFORMATION
fixed length control field 260410b |||||||| |||| 00| 0 eng d
020 ## - INTERNATIONAL STANDARD BOOK NUMBER
International Standard Book Number 978-93-47492-73-0
Price 200.00
040 ## - CATALOGING SOURCE
Original Cataloguing agency Sibsagar Commerce College Central Library
041 ## - LANGUAGE CODE
Language code of text/sound track or separate title Assamese
082 ## - DEWEY DECIMAL CLASSIFICATION NUMBER
Classification number 306.7
Book Number BOR.
100 ## - MAIN ENTRY--PERSONAL NAME
Personal name Bora, Birinchi Kumar .
245 ## - TITLE STATEMENT
Title Samajik Lingo Aru Jaunata ( Gender and Sexuality)
Statement of responsibility, etc. By Birinchi Kumar Bora.
250 ## - EDITION STATEMENT
Edition statement 1st ed.
260 ## - PUBLICATION, DISTRIBUTION, ETC.
Place of publication, distribution, etc. Jorhat:
Name of publisher, distributor, etc. Bidya Bhawan;
Date of publication, distribution, etc. 2026.
300 ## - PHYSICAL DESCRIPTION
Pages 207p.
650 ## - Subject
Subject Sociology
942 ## - ADDED ENTRY ELEMENTS (KOHA)
Source of classification or shelving scheme Dewey Decimal Classification
Koha item type Books
Holdings
Withdrawn status Lost status Source of classification or shelving scheme Damaged status Not for loan Collection code Home library Current library Shelving location Date acquired Source of acquisition Total Checkouts Full call number Barcode Date last seen Copy number Cost, replacement price Price effective from Koha item type
    Dewey Decimal Classification     Sociology Sibsagar Commerce College Central Library Sibsagar Commerce College Central Library General Stacks 10/04/2026 Kitap Ghar   306.7 BOR. 29150 10/04/2026 1 400.00 10/04/2026 Books
    Dewey Decimal Classification     Sociology Sibsagar Commerce College Central Library Sibsagar Commerce College Central Library General Stacks 10/04/2026 Kitap Ghar   306.7 BOR. 29151 10/04/2026 2 400.00 10/04/2026 Books
    Dewey Decimal Classification     Sociology Sibsagar Commerce College Central Library Sibsagar Commerce College Central Library General Stacks 10/04/2026 Kitap Ghar   306.7 BOR. 29152 10/04/2026 3 400.00 10/04/2026 Books
    Dewey Decimal Classification     Sociology Sibsagar Commerce College Central Library Sibsagar Commerce College Central Library General Stacks 10/04/2026 Kitap Ghar   306.7 BOR. 29153 10/04/2026 4 400.00 10/04/2026 Books


Sibsagar Commerce College © 2020. All rights reserved.
Powered by Koha.
Hosted by LIBKART.